| 000 | 00617nam a2200181 i 4500 | ||
|---|---|---|---|
| 001 | 102198 | ||
| 003 | ES-MaACL | ||
| 005 | 20250829062531.0 | ||
| 007 | t| | ||
| 008 | 051107s1984 sp ||||1| spa d | ||
| 100 | 1 |
_aMenéndez Menéndez, Aurelio. _980305 |
|
| 245 | 1 | 0 |
_aDerecho mercantil I... / _cbajo la dirección del Dr. Aurelio Menéndez Menéndez. |
| 260 |
_aMadrid : _bUniversidad Nacional de Educación a Distancia, _c1984. |
||
| 300 |
_a520 p. ; _c30 cm. |
||
| 710 | 2 |
_aUniversidad Nacional de Educación a Distancia (España) _97405 |
|
| 852 |
_aES-MaACL _jL-6996 _bR.108022 |
||
| 999 |
_c102198 _d102198 |
||